| 000 | 00895nam a22002177a 4500 | ||
|---|---|---|---|
| 999 |
_c6646 _d6646 |
||
| 003 | AR-CdUCM | ||
| 008 | 190318b ||||| |||| 00| 0 spa d | ||
| 040 |
_aMUNICIPALIDAD PROVINCIAL DEL CUSCO _cBIBLIOTECA MUNICIPAL DEL CUSCO |
||
| 041 | _heng | ||
| 082 |
_a541 / _bH21 |
||
| 100 |
_aHannay, N. B. _918694 |
||
| 245 | _aQuímica del Estado Sólido / | ||
| 260 |
_aEspaña : _bAlhambra ; _c1971. |
||
| 300 |
_a283 páginas ; _bDiagramas, fórmulas, ilustraciones _c20cm |
||
| 440 |
_aColección Exedra - Ciencia, Técnica, Ingeniería _n69 _918695 |
||
| 505 | _aContenido: La naturaleza de los sólidos -- Estructura electrónica de los sólidos -- Imperfecciones en sólidos -- Imperfecciones y propiedades físicas -- Equilibrios de imperfecciones... | ||
| 650 |
_aQuímica _94512 |
||
| 700 |
_aCastaño Almendral, Fernando (traducción) _918696 |
||
| 942 |
_2ddc _cLIBROS |
||
| 945 | _anom | ||